The cave of freedom : (Record no. 129638)

MARC details
000 -LEADER
fixed length control field 00614nam a22002177a 4500
005 - DATE AND TIME OF LATEST TRANSACTION
control field 20170124110100.0
010 ## - LIBRARY OF CONGRESS CONTROL NUMBER
LC control number B-213315
020 ## - INTERNATIONAL STANDARD BOOK NUMBER
Terms of availability 350.00
International Standard Book Number 9788122007244
035 ## - SYSTEM CONTROL NUMBER
System control number B-213315
037 ## - SOURCE OF ACQUISITION
Source of stock number/acquisition Cen Lib/Ret
040 ## - CATALOGING SOURCE
Original cataloging agency DPL
Language of cataloging EN
082 ## - DEWEY DECIMAL CLASSIFICATION NUMBER
Classification number N
Item number RAD
100 ## - MAIN ENTRY--PERSONAL NAME
Personal name Radhakrishnan, V
9 (RLIN) 26987
245 ## - TITLE STATEMENT
Title The cave of freedom :
Statement of responsibility, etc by V. Radhakrishnan
Remainder of title a novel /
260 ## - PUBLICATION, DISTRIBUTION, ETC. (IMPRINT)
Place of publication, distribution, etc Delhi
Name of publisher, distributor, etc Konark Publishers
Date of publication, distribution, etc 2007
270 ## - ADDRESS
Address A-149, Main Vikas Marg
City Delhi
Postal code 110092
300 ## - PHYSICAL DESCRIPTION
Extent 234p.
Dimensions 22cm(Hb)
650 ## - SUBJECT ADDED ENTRY--TOPICAL TERM
Topical term or geographic name as entry element Indic fiction (English)
9 (RLIN) 6137
650 ## - SUBJECT ADDED ENTRY--TOPICAL TERM
Topical term or geographic name as entry element English fiction
9 (RLIN) 26988
942 ## - ADDED ENTRY ELEMENTS (KOHA)
Source of classification or shelving scheme Dewey Decimal Classification
Koha item type English Books
Classification part N
Call number suffix RAD
Holdings
Withdrawn status Lost status Damaged status Not for loan Home library Current library Date acquired Source of acquisition Cost, normal purchase price Total Checkouts Full call number Barcode Date last seen Date checked out Copy number Cost, replacement price Price effective from Koha item type Total Renewals
        Central Library Central Library 07/07/2015 Cen Lib/Ret 350.00 1 N RAD B-213315 16/08/2018 01/08/2018 1 350.00 07/07/2015 English Books  
        Central Library Central Library 15/07/2015 Cen Lib/Ret 350.00 3 N RAD B-213323 29/10/2022 17/09/2022 1 350.00 15/07/2015 English Books 4

© Delhi Public Library
Hit Counter
free hit counter